| 000 | 00480cam a2200181ua 4500 | ||
|---|---|---|---|
| 020 | _cRs 1.24 | ||
| 041 |
_amal _h |
||
| 082 |
_a894.812 4 _bSAN/MA |
||
| 100 | _aSankaran Nambiar, P . | ||
| 245 |
_aMakarandamanjari / _cP Sankaran Nambiar. _hTextual Documents |
||
| 260 |
_aKottayam : _bSahitya Pravarthaka Co-operative Society , _c1964. |
||
| 300 | _a95 ; . | ||
| 365 | _aRs 1.24 | ||
| 504 | _a | ||
| 650 | _aEssays - Malayalam | ||
| 942 | _cBK | ||
| 999 |
_c963 _d963 |
||